000 00441nam a2200205Ia 4500
001 12886
003 GE_BSU
008 181216s||||||||xx |||||||||||||| ||und||
020 _a9780747265498
040 _cGE_BSU
080 _a821.111-32
100 _aTate,June.
245 _aNothing is Forever.
260 _aLondon.
260 _bHeadline.
260 _c2002
300 _a375p;18cm.
653 _aNothing is Forever.
942 _cBK
999 _c46056
_d46056